[Event "Team Russia"]
[Site "Petergof"]
[Date "2015.08.06"]
[Round "6.13"]
[White "Kruzhilin, Aleksey"]
[Black "Minko, Vladimir"]
[Result "1-0"]
[WhiteElo "2141"]
[BlackElo "2268"]
[PlyCount "65"]
[EventDate "2015.08.??"]
[EventType "team-swiss"]

1. d4 Nf6 2. c4 e6 3. g3 d5 4. Nf3 Bb4+ 5. Nbd2 dxc4 6. Qc2 O-O 7. Bg2 c5 8.
Qxc4 Nc6 9. dxc5 Qd5 10. O-O Bxc5 11. a3 b5 12. Qh4 Bb7 13. Ng5 Qf5 14. Nde4 h6
15. Nxc5 Qxc5 16. Ne4 Nxe4 17. Bxe4 Na5 18. Bxb7 Nxb7 19. Be3 Qe5 20. b4 a5 21.
Qe7 Qe4 22. Rac1 axb4 23. axb4 Rad8 24. Rfd1 Rfe8 25. Qc7 Rd5 26. Rxd5 Qxd5 27.
Rc6 Ra8 28. f3 Ra1+ 29. Kf2 Qd1 30. Bc1 Ra2 31. Qe5 Nd8 32. Rc8 Qd7 33. Qb8 1-0

[Event "Team Russia"]
[Site "Petergof"]
[Date "2015.08.06"]
[Round "6.14"]
[White "Maslov, Ivan"]
[Black "Karpenko, Artem"]
[Result "1/2-1/2"]
[WhiteElo "2264"]
[BlackElo "2276"]
[PlyCount "100"]
[EventDate "2015.08.??"]
[EventType "team-swiss"]

1. d4 d5 2. c4 c6 3. Nf3 Nf6 4. Nc3 a6 5. e3 e6 6. Qc2 c5 7. cxd5 exd5 8. Be2
Nc6 9. a3 c4 10. e4 Bg4 11. Be3 b5 12. exd5 Ne7 13. Bg5 Bf5 14. Qd2 Nfxd5 15.
O-O f6 16. Be3 Nxc3 17. bxc3 Nd5 18. Nh4 Be6 19. Rfe1 Be7 20. Bh5+ g6 21. Bh6
Qd7 22. Bf3 Kf7 23. Re2 Rae8 24. g3 Bd8 25. a4 Ba5 26. Bxd5 Bxd5 27. Rxe8 Rxe8
28. axb5 Qxb5 29. Ng2 Bb7 30. Ne3 g5 31. d5 Rd8 32. Qc2 Kg8 33. Qf5 Rd6 34. Rb1
Qd7 35. Qc2 Rxd5 36. Nxd5 Qxd5 37. Rxb7 Qxb7 38. Qa4 Qb1+ 39. Kg2 Qe4+ 40. Kg1
Qe1+ 41. Kg2 Qe4+ 42. f3 Qe2+ 43. Kh3 Qe6+ 44. g4 Qe2 45. Qc6 Qf1+ 46. Kg3 Qe1+
47. Kg2 Qe2+ 48. Kh3 Qf1+ 49. Kg3 Qe1+ 50. Kg2 Qe2+ 1/2-1/2

[Event "Team Russia"]
[Site "Petergof"]
[Date "2015.08.06"]
[Round "6.15"]
[White "Guliev, Gasan"]
[Black "Voloshin, Pavel"]
[Result "1/2-1/2"]
[WhiteElo "2053"]
[BlackElo "2053"]
[PlyCount "101"]
[EventDate "2015.08.??"]
[EventType "team-swiss"]

1. d4 e6 2. c4 c5 3. d5 exd5 4. cxd5 d6 5. Nc3 Ne7 6. g3 a6 7. a4 Ng6 8. Bg2
Be7 9. Nf3 Nd7 10. O-O O-O 11. e4 Rb8 12. Be3 b5 13. axb5 axb5 14. b4 Bf6 15.
Qb3 Re8 16. Ne1 Qc7 17. Rc1 Nge5 18. h3 Qb6 19. Rb1 Ba6 20. g4 Nc4 21. Bc1 cxb4
22. Qxb4 Rec8 23. Ne2 h6 24. Ng3 Nc5 25. Nf5 Re8 26. Nc2 Nd3 27. Qb3 Nxc1 28.
Rfxc1 Nd2 29. Qb4 Nxb1 30. Rxb1 Rec8 31. Qd2 Rc5 32. Ncd4 Qc7 33. Nc6 Re8 34.
Qf4 Rxc6 35. dxc6 Re6 36. Qc1 Re5 37. Rb2 Rc5 38. Rc2 Qxc6 39. Rxc5 Qxc5 40.
Qf4 Qe5 41. Qxe5 Bxe5 42. Bf1 Kf8 43. Ne3 Bb7 44. Bxb5 Bxe4 45. Bc4 g6 46. Bd5
Bxd5 47. Nxd5 Ke8 48. f4 Bg7 49. f5 Be5 50. fxg6 fxg6 51. Kg2 1/2-1/2

[Event "Team Russia"]
[Site "Petergof"]
[Date "2015.08.06"]
[Round "6.16"]
[White "Paramzina, Anastasya"]
[Black "Protopopova, Anastasiya"]
[Result "1-0"]
[WhiteElo "2303"]
[BlackElo "2177"]
[PlyCount "53"]
[EventDate "2015.08.??"]
[EventType "team-swiss"]

1. e4 e5 2. Nf3 Nc6 3. Bc4 Nf6 4. d3 Bc5 5. O-O O-O 6. Re1 Re8 7. c3 Bf8 8. Bg5
h6 9. Bh4 g5 10. Nxg5 hxg5 11. Bxg5 Bg7 12. Re3 d5 13. exd5 Na5 14. Bb5 c6 15.
dxc6 Nxc6 16. Rg3 Kf8 17. Nd2 Bf5 18. Qf3 Qd7 19. Ne4 Bxe4 20. dxe4 Re6 21. h4
Nh7 22. Be3 Qe7 23. Bc4 Rf6 24. Qh5 Na5 25. Qxh7 Nxc4 26. Qxg7+ Ke8 27. Qh8+
1-0

[Event "Team Russia"]
[Site "Petergof"]
[Date "2015.08.06"]
[Round "6.17"]
[White "Savenkov, Konstantin"]
[Black "Chibukhchyan, Erik"]
[Result "1-0"]
[WhiteElo "2296"]
[BlackElo "1839"]
[PlyCount "55"]
[EventDate "2015.08.??"]
[EventType "team-swiss"]

1. e4 e5 2. Nf3 Nc6 3. Nc3 Nf6 4. Be2 Bb4 5. Nd5 Nxe4 6. Nxb4 Nxb4 7. d3 Nf6 8.
Nxe5 Nc6 9. d4 h6 10. O-O O-O 11. Bf3 Ne7 12. d5 d6 13. Nc4 Nf5 14. g3 Re8 15.
b3 a5 16. a4 Nd7 17. Bb2 b6 18. Qd3 Nc5 19. Qc3 Qf6 20. Qxf6 gxf6 21. Rfe1
Rxe1+ 22. Rxe1 Kg7 23. Na3 Bd7 24. Nb5 Bxb5 25. axb5 Rd8 26. h4 Rd7 27. Bg4 Re7
28. Rd1 1-0

[Event "Team Russia"]
[Site "Petergof"]
[Date "2015.08.06"]
[Round "6.18"]
[White "Ufimtsev, Egor"]
[Black "Yeletsky, Ivan"]
[Result "0-1"]
[WhiteElo "1883"]
[BlackElo "2338"]
[PlyCount "68"]
[EventDate "2015.08.??"]
[EventType "team-swiss"]

1. c4 e5 2. Nc3 Nf6 3. g3 d5 4. cxd5 Nxd5 5. Bg2 Nb6 6. Nf3 Nc6 7. O-O Be7 8.
a3 O-O 9. b4 Be6 10. d3 f6 11. Bb2 a5 12. b5 Nd4 13. Nxd4 exd4 14. Na4 Rb8 15.
Nxb6 cxb6 16. a4 Bc5 17. Qd2 Qd6 18. Rfc1 Rfe8 19. Bf3 g5 20. Be4 Bb3 21. Qe1
Re5 22. g4 h5 23. gxh5 f5 24. Bf3 g4 25. Bg2 Rf8 26. Qd2 Qf6 27. Bf1 f4 28. Ba3
Rxh5 29. Bxc5 bxc5 30. Rab1 g3 31. Rxb3 gxf2+ 32. Kh1 Rxh2+ 33. Kxh2 Qh4+ 34.
Kg2 Qg3+ 0-1

[Event "Team Russia"]
[Site "Petergof"]
[Date "2015.08.06"]
[Round "6.19"]
[White "Smirnov, Timofey"]
[Black "Ustich, Ekaterina"]
[Result "1/2-1/2"]
[WhiteElo "2297"]
[BlackElo "2082"]
[PlyCount "102"]
[EventDate "2015.08.??"]
[EventType "team-swiss"]

1. e4 e5 2. Nf3 Nc6 3. Bb5 a6 4. Ba4 Nf6 5. O-O Be7 6. d3 b5 7. Bb3 d6 8. a3
O-O 9. Nc3 Bg4 10. Be3 Nd4 11. Bxd4 exd4 12. Nd5 Nxd5 13. Bxd5 Rc8 14. h3 Bxf3
15. Qxf3 c6 16. Bb3 a5 17. a4 b4 18. Qg4 Bf6 19. f4 Qc7 20. Qf3 Rce8 21. Rae1
Kh8 22. Re2 Bd8 23. g4 h6 24. Rg2 g5 25. h4 Kg7 26. hxg5 hxg5 27. Rgf2 Qe7 28.
Qg3 gxf4 29. Qxf4 f6 30. Rh2 Rh8 31. Rff2 Qe5 32. Qxe5 dxe5 33. Rh5 Rxh5 34.
gxh5 Rh8 35. Rg2+ Kf8 36. Rh2 Kg7 37. Be6 Bb6 38. Kf2 Rh6 39. Kf3 Kf8 40. Ke2
Ke7 41. Bc4 Bc5 42. Kd1 Bd6 43. Rh1 Bc5 44. Kc1 Kd7 45. Kb1 Bf8 46. Ka2 Rh7 47.
Rf1 Ke7 48. Rh1 Bh6 49. Kb3 Bd2 50. Rh2 Bf4 51. Rg2 Bg5 1/2-1/2

[Event "Team Russia"]
[Site "Petergof"]
[Date "2015.08.06"]
[Round "6.20"]
[White "Kvachko, Anastasiya"]
[Black "Borisova, Ekaterina"]
[Result "0-1"]
[WhiteElo "1703"]
[BlackElo "2004"]
[PlyCount "70"]
[EventDate "2015.08.??"]
[EventType "team-swiss"]

1. e4 c5 2. Nf3 d6 3. c3 Nf6 4. Bd3 g6 5. Bc2 Bg7 6. O-O O-O 7. h3 Nc6 8. d4
cxd4 9. cxd4 Nb4 10. Nc3 Nxc2 11. Qxc2 d5 12. e5 Ne4 13. Nxe4 Bf5 14. Be3 Bxe4
15. Qe2 Qb6 16. Ng5 Bf5 17. Rac1 f6 18. Nf3 Be4 19. Rfd1 Rad8 20. Ne1 Bf5 21.
g4 Bd7 22. Qd2 Bc6 23. f4 e6 24. Nd3 fxe5 25. fxe5 Bb5 26. Nf4 Rd7 27. Kg2 Rdf7
28. b3 Bh6 29. Nxd5 Bxe3 30. Nxe3 Bc6+ 31. Kg1 Rf2 32. Qe1 Qd8 33. Rd2 R2f3 34.
Rh2 Qd5 35. Re2 Rxh3 0-1

[Event "Team Russia"]
[Site "Petergof"]
[Date "2015.08.06"]
[Round "6.21"]
[White "Morozov, Egor"]
[Black "Tarasov, Alexandr"]
[Result "1-0"]
[WhiteElo "2262"]
[BlackElo "2305"]
[PlyCount "61"]
[EventDate "2015.08.??"]
[EventType "team-swiss"]

1. Nf3 c5 2. g3 Nc6 3. Bg2 e5 4. d3 d5 5. O-O Nf6 6. e4 Be7 7. Nc3 d4 8. Ne2
O-O 9. Nd2 b5 10. f4 Ng4 11. Nf3 f6 12. h3 Ne3 13. Bxe3 dxe3 14. c3 Be6 15. Qc2
Qb6 16. Kh2 Rad8 17. Rad1 b4 18. Qc1 Bxa2 19. Qxe3 Be6 20. g4 exf4 21. Nxf4 Bf7
22. Kh1 Rd7 23. h4 Bd6 24. g5 fxg5 25. Nxg5 h6 26. Nxf7 Rdxf7 27. e5 Bxe5 28.
Bd5 Qc7 29. Ng6 Qd6 30. Qe4 Qd7 31. Qg2 1-0

[Event "Team Russia"]
[Site "Petergof"]
[Date "2015.08.06"]
[Round "6.22"]
[White "Payanidi, Janis"]
[Black "Yashmetov, Mikhail"]
[Result "0-1"]
[WhiteElo "2238"]
[BlackElo "2183"]
[PlyCount "52"]
[EventDate "2015.08.??"]
[EventType "team-swiss"]

1. e4 c5 2. Nf3 Nc6 3. Bb5 Nf6 4. Nc3 Qc7 5. O-O Nd4 6. Re1 a6 7. Bf1 d6 8.
Nxd4 cxd4 9. Nd5 Nxd5 10. exd5 g6 11. c4 Bg7 12. Qe2 e5 13. dxe6 fxe6 14. Qf3
Rf8 15. Qe4 Rf5 16. f4 d5 17. cxd5 Rxf4 18. Qd3 e5 19. g3 Bf5 20. Qa3 Re4 21.
Bb5+ Kf7 22. Rf1 axb5 23. Qxa8 d3 24. Qa3 Qb6+ 25. Kh1 Re1 26. Kg2 Rxf1 0-1

[Event "Team Russia"]
[Site "Petergof"]
[Date "2015.08.06"]
[Round "6.23"]
[White "Volkov, Roman"]
[Black "Kovalev, Egor"]
[Result "1/2-1/2"]
[WhiteElo "1928"]
[BlackElo "2186"]
[PlyCount "87"]
[EventDate "2015.08.??"]
[EventType "team-swiss"]

1. e4 c5 2. Nf3 e6 3. d4 cxd4 4. Nxd4 Nf6 5. Nc3 d6 6. Be2 Be7 7. O-O O-O 8. f4
Nc6 9. Be3 e5 10. Nf5 Bxf5 11. exf5 exf4 12. Rxf4 d5 13. Nb5 Re8 14. Kh1 Bd6
15. Rf3 Ng4 16. Bg1 Bxh2 17. Bxh2 Qh4 18. Rh3 Nf2+ 19. Kg1 Nxh3+ 20. gxh3 Re3
21. Bf1 d4 22. Qg4 Qf6 23. Bg2 Rae8 24. Bg3 h5 25. Qf4 g5 26. fxg6 Qxg6 27. Kh2
R8e5 28. Bxc6 bxc6 29. Nxd4 R5e4 30. Qb8+ Kh7 31. Bf2 Re8 32. Qf4 R8e4 33. Qb8
Re8 34. Qf4 R8e4 35. Qc7 Rxd4 36. Bxe3 Qxc2+ 37. Kg1 Qg6+ 38. Kf2 Qf5+ 39. Ke2
Qd3+ 40. Kf2 Qf5+ 41. Kg1 Qg6+ 42. Kh2 Qc2+ 43. Kg3 Qg6+ 44. Kf2 1/2-1/2

[Event "Team Russia"]
[Site "Petergof"]
[Date "2015.08.06"]
[Round "6.24"]
[White "Milovanova, Maria"]
[Black "Dimitrova, Aleksandra"]
[Result "1-0"]
[WhiteElo "1945"]
[BlackElo "2134"]
[PlyCount "79"]
[EventDate "2015.08.??"]
[EventType "team-swiss"]

1. d4 Nf6 2. c4 e6 3. Nf3 c5 4. d5 b5 5. dxe6 fxe6 6. cxb5 d5 7. a4 Bd6 8. Bg5
Nbd7 9. e4 O-O 10. exd5 exd5 11. Be2 Bb7 12. O-O Qc7 13. Bh4 Ne4 14. Nc3 Ndf6
15. Qc2 Rae8 16. Rfe1 d4 17. Nxe4 Bxe4 18. Qb3+ Kh8 19. Bg3 Bxg3 20. hxg3 h6
21. Rac1 Qd6 22. Nd2 Bd5 23. Bc4 Bb7 24. Be2 Bd5 25. Qc2 Rc8 26. Nc4 Qc7 27.
Bd3 Rce8 28. Rxe8 Rxe8 29. Nd2 Qb7 30. Qxc5 Bxg2 31. Qxd4 Bh1 32. Bf1 Re7 33.
Qc5 Kh7 34. Qf5+ Kh8 35. f3 Rd7 36. Kxh1 Rxd2 37. Rc8+ Ng8 38. Bc4 Rd1+ 39. Kg2
Rd2+ 40. Kh3 1-0

[Event "Team Russia"]
[Site "Petergof"]
[Date "2015.08.06"]
[Round "6.25"]
[White "Shubin, Kirill"]
[Black "Shapiro, David"]
[Result "0-1"]
[WhiteElo "2216"]
[BlackElo "2292"]
[PlyCount "82"]
[EventDate "2015.08.??"]
[EventType "team-swiss"]

1. e4 g6 2. Nf3 c6 3. d4 d5 4. exd5 cxd5 5. Bd3 Nc6 6. c3 Bg7 7. h3 Nf6 8. Bf4
O-O 9. O-O Bf5 10. Bxf5 gxf5 11. Ne5 e6 12. Nxc6 bxc6 13. Nd2 Ne4 14. f3 Nxd2
15. Qxd2 a5 16. Rae1 Kh8 17. Re2 Rc8 18. g4 fxg4 19. hxg4 c5 20. Be5 Bxe5 21.
Rxe5 Qf6 22. Rf2 cxd4 23. cxd4 Rg8 24. Rh2 Rg7 25. Kg2 Qg6 26. Kg3 Qb1 27. b3
Qg1+ 28. Rg2 Qc1 29. Re1 Qxd2 30. Rxd2 Rc3 31. Kf2 Rg8 32. Ree2 Rgc8 33. Kg3 a4
34. bxa4 R8c4 35. Kf4 Rxa4 36. Rh2 Kg7 37. g5 Raa3 38. Rh3 Rd3 39. Rdh2 Kf8 40.
Ke5 Rxf3 41. Rxh7 Ke7 0-1

[Event "Team Russia"]
[Site "Petergof"]
[Date "2015.08.06"]
[Round "6.26"]
[White "Gusarov, Aleksey"]
[Black "Obodenko, Amir"]
[Result "1-0"]
[WhiteElo "2003"]
[BlackElo "1970"]
[PlyCount "97"]
[EventDate "2015.08.??"]
[EventType "team-swiss"]

1. e4 c6 2. d4 d5 3. exd5 cxd5 4. Bd3 Nf6 5. c3 Nc6 6. Bf4 g6 7. Nf3 Bg4 8. h3
Bxf3 9. Qxf3 Bg7 10. O-O O-O 11. Nd2 Re8 12. Rfe1 e6 13. Bb5 Nd7 14. Qg3 Qb6
15. a4 Rac8 16. Ra3 a6 17. Bf1 Bf8 18. Rb3 Qa7 19. Bd6 Na5 20. Ra3 Bxd6 21.
Qxd6 Nb6 22. Re3 Rc6 23. Qe5 Qb8 24. Qg5 Qd8 25. Qh6 Nbc4 26. Bxc4 Nxc4 27.
Nxc4 Rxc4 28. Rf3 Qb6 29. Qd2 Qc7 30. Ra1 Qd7 31. b3 Rc6 32. Re1 Rec8 33. Ree3
Qd6 34. a5 b6 35. axb6 Rxb6 36. b4 a5 37. bxa5 Rb5 38. g4 Rxa5 39. Kg2 Ra4 40.
h4 Ra1 41. Re1 Ra3 42. h5 Rca8 43. hxg6 hxg6 44. Rh1 Qf8 45. Rfh3 Qg7 46. Qf4
e5 47. dxe5 R3a6 48. Qh2 Kf8 49. Rh7 1-0

[Event "Team Russia"]
[Site "Petergof"]
[Date "2015.08.06"]
[Round "6.27"]
[White "Shchukin, Maksim"]
[Black "Serov, Danila"]
[Result "1/2-1/2"]
[WhiteElo "1820"]
[BlackElo "1970"]
[PlyCount "118"]
[EventDate "2015.08.??"]
[EventType "team-swiss"]

1. e4 d5 2. exd5 Qxd5 3. Nc3 Qa5 4. d4 Nf6 5. Bd3 c6 6. Nge2 Bg4 7. O-O Nbd7 8.
f3 Bh5 9. Be3 e6 10. Ng3 Bg6 11. Nge4 O-O-O 12. a3 Qc7 13. b4 Nb6 14. Qd2 Nbd5
15. Nxd5 Nxd5 16. Bf2 Bd6 17. Nxd6+ Qxd6 18. Bg3 Qd7 19. Be2 Ne7 20. Rfd1 Nf5
21. Bf2 e5 22. c3 exd4 23. cxd4 Kb8 24. Qb2 Rhe8 25. a4 Ne3 26. Rd2 Re7 27. b5
c5 28. Bxe3 Rxe3 29. Rad1 Qe7 30. dxc5 Re8 31. Kf1 Qxc5 32. Qxg7 Ra3 33. Qd4
Qxd4 34. Rxd4 Kc7 35. R1d2 Kb6 36. Kf2 Ka5 37. Bd1 Bf5 38. g4 Be6 39. R4d3 Ra1
40. Re3 Rc8 41. Kg3 Rcc1 42. Red3 Kb4 43. Kf4 Rc5 44. h4 Rac1 45. h5 h6 46. Kg3
R5c4 47. f4 f6 48. f5 Bc8 49. Rd6 R1c3+ 50. R2d3 Rxd3+ 51. Rxd3 Rc3 52. Rxc3
Kxc3 53. Kf4 Kd4 54. Bb3 b6 55. Be6 Bb7 56. Bd7 Bd5 57. Be6 Bb7 58. Bd7 Bd5 59.
Be6 Bb7 1/2-1/2

[Event "Team Russia"]
[Site "Petergof"]
[Date "2015.08.06"]
[Round "6.28"]
[White "Alieva, Alexandra"]
[Black "Kiseleva, Ekaterina"]
[Result "1-0"]
[WhiteElo "1963"]
[BlackElo "1826"]
[PlyCount "51"]
[EventDate "2015.08.??"]
[EventType "team-swiss"]

1. e4 e5 2. Nf3 d6 3. d4 exd4 4. Qxd4 a6 5. Bf4 Nc6 6. Qd2 Be7 7. Nc3 Nf6 8.
O-O-O O-O 9. Nd4 Nxd4 10. Qxd4 Be6 11. f3 Nd7 12. g4 Bf6 13. Qd2 Ne5 14. Qe3
Ng6 15. Bg3 Bxg4 16. Kb1 Bg5 17. Qf2 Bd7 18. f4 Be7 19. f5 Nh8 20. e5 dxe5 21.
Bxe5 c6 22. Rg1 f6 23. Bc4+ Rf7 24. Be6 Bf8 25. Rxd7 Qe8 26. Bxf6 1-0

[Event "Team Russia"]
[Site "Petergof"]
[Date "2015.08.06"]
[Round "6.29"]
[White "Gogin, Maksim"]
[Black "Ermolaev, Evgeny"]
[Result "1-0"]
[WhiteElo "2183"]
[BlackElo "2296"]
[PlyCount "77"]
[EventDate "2015.08.??"]
[EventType "team-swiss"]

1. d4 Nf6 2. Nf3 c5 3. c4 cxd4 4. Nxd4 e5 5. Nb5 d5 6. cxd5 Bc5 7. N5c3 O-O 8.
g3 a6 9. Na3 b5 10. Nc2 Qb6 11. Be3 Bxe3 12. Nxe3 Bb7 13. Bg2 Rd8 14. O-O b4
15. Qb3 a5 16. Rfd1 Nbd7 17. Ne4 Nxe4 18. Bxe4 Nf6 19. Bg2 e4 20. a3 Qb5 21.
Rd2 Rd6 22. Rad1 Rad8 23. axb4 axb4 24. Rd4 Qxe2 25. Qxb4 Ba8 26. R4d2 Qa6 27.
Bxe4 Rb6 28. Qd4 Qb7 29. Bg2 Rb4 30. Qc3 Rb3 31. Qc2 Rc8 32. Qf5 Rc5 33. Qe5 h6
34. Nf5 Qb6 35. Qe7 Ra5 36. Rc2 Ra7 37. Rc8+ Kh7 38. Qf8 Nh5 39. Ne7 1-0

[Event "Team Russia"]
[Site "Petergof"]
[Date "2015.08.06"]
[Round "6.30"]
[White "Shilyaev, Fedor"]
[Black "Zakharikov, Ivan"]
[Result "1/2-1/2"]
[WhiteElo "2148"]
[BlackElo "1971"]
[PlyCount "82"]
[EventDate "2015.08.??"]
[EventType "team-swiss"]

1. e4 e5 2. Nf3 Nc6 3. Bb5 a6 4. Ba4 Nf6 5. O-O Be7 6. Re1 b5 7. Bb3 d6 8. c3
O-O 9. h3 Bb7 10. d3 h6 11. a3 Re8 12. Nbd2 Na5 13. Ba2 c5 14. b4 cxb4 15. axb4
Nc6 16. Nf1 Bc8 17. Ng3 Bf8 18. d4 exd4 19. Nxd4 Nxd4 20. Qxd4 Be6 21. Bf4 a5
22. Bxe6 Rxe6 23. Rxa5 Rxa5 24. bxa5 Qxa5 25. Rb1 Qa4 26. Rb4 Qc2 27. Qd2 Qxd2
28. Bxd2 Re8 29. Rd4 d5 30. exd5 Bc5 31. Rd3 Rd8 32. Kf1 Rxd5 33. Rxd5 Nxd5 34.
Ke2 Kf8 35. Ne4 Ba3 36. Kd3 Ke7 37. Kd4 Nc7 38. Be3 Na6 39. Kd5 b4 40. cxb4
Bxb4 41. Kc4 Bd6 1/2-1/2

[Event "Team Russia"]
[Site "Petergof"]
[Date "2015.08.06"]
[Round "6.31"]
[White "Skafar, Darya"]
[Black "Russkikh, Nikita"]
[Result "1-0"]
[WhiteElo "1974"]
[BlackElo "2060"]
[PlyCount "159"]
[EventDate "2015.08.??"]
[EventType "team-swiss"]

1. e4 c5 2. Nf3 e6 3. c3 Nf6 4. e5 Nd5 5. d4 cxd4 6. cxd4 Nc6 7. a3 Qa5+ 8. Bd2
Qb6 9. Bc3 d6 10. Bc4 Be7 11. O-O O-O 12. Qb3 dxe5 13. Bxd5 exd5 14. Qxb6 axb6
15. Nxe5 Ra4 16. Nf3 Bf5 17. Nbd2 Bd6 18. g3 Bh3 19. Rfe1 f6 20. Nf1 Bg4 21.
N1d2 Kf7 22. Kg2 Rc8 23. h3 Bd7 24. Nb3 Ne7 25. Rac1 Kf8 26. Bd2 Rc6 27. Bc3
Nc8 28. Bd2 Bf5 29. Rxc6 bxc6 30. Rc1 Bd7 31. Be3 Be7 32. Nfd2 Nd6 33. f3 Ke8
34. g4 Nb7 35. Kf2 Ra8 36. Nb1 Rc8 37. Nc3 Nd6 38. Nd2 Be6 39. Na4 Bd8 40. Bf4
Nc4 41. Nxc4 dxc4 42. Be3 Ra8 43. Nc3 Bc7 44. Ne4 h6 45. Nd2 b5 46. Ne4 Kf7 47.
Nc5 Bd5 48. Bd2 Rh8 49. h4 Bb6 50. h5 Rd8 51. Bc3 g6 52. Rh1 gxh5 53. Rxh5 Kg7
54. Rh1 Rf8 55. Nd7 Ba7 56. Nxf8 Kxf8 57. Rxh6 Kg7 58. Rh1 Bb6 59. Re1 Kf7 60.
f4 Bc7 61. Kg3 Bb6 62. Re2 Ba7 63. g5 f5 64. Re1 Bb6 65. Ra1 Kg6 66. a4 bxa4
67. Rxa4 Bc7 68. Ra7 Bb6 69. Rb7 Bd8 70. Rd7 Bb6 71. Rd6+ Kg7 72. Kh4 Kg8 73.
Rd7 Kf8 74. Rb7 Bd8 75. Rb8 Ke7 76. Bb4+ Kd7 77. Rb7+ Ke8 78. Rh7 Bf3 79. Kg3
Bd5 80. g6 1-0

[Event "Team Russia"]
[Site "Petergof"]
[Date "2015.08.06"]
[Round "6.32"]
[White "Khusnutdinova, Alsu"]
[Black "Solozhenkina, Elizaveta"]
[Result "1/2-1/2"]
[WhiteElo "2133"]
[BlackElo "2052"]
[PlyCount "141"]
[EventDate "2015.08.??"]
[EventType "team-swiss"]

1. e4 c6 2. d4 d5 3. Nc3 dxe4 4. Nxe4 Bf5 5. Ng3 Bg6 6. h4 h6 7. Nf3 e6 8. h5
Bh7 9. Bd3 Bxd3 10. Qxd3 Nf6 11. Bd2 c5 12. O-O-O Nc6 13. Qb5 Qb6 14. Qxb6 axb6
15. a3 cxd4 16. Bf4 O-O-O 17. Be5 Ng4 18. Bxd4 Rxd4 19. Rxd4 Nxd4 20. Nxd4 Bc5
21. Nge2 Rd8 22. c3 Nxf2 23. Rf1 Nd3+ 24. Kc2 Ne5 25. b4 Be7 26. Ng3 Bg5 27.
Ne4 Be3 28. Nb5 f5 29. Ned6+ Kb8 30. g3 Bg5 31. Re1 Bf6 32. c4 Rd7 33. Re2 Re7
34. Rd2 Nf3 35. Rd1 Rd7 36. c5 bxc5 37. bxc5 Be5 38. Kb3 Ng5 39. Rd3 Ne4 40.
Kc4 Nxg3 41. Re3 Bxd6 42. Nxd6 Ne4 43. Nxe4 fxe4 44. Rxe4 Rd5 45. Rxe6 Rxh5 46.
Re8+ Kc7 47. Re7+ Kc6 48. Rxg7 Rxc5+ 49. Kb4 Rh5 50. Rg6+ Kc7 51. Rg7+ Kb6 52.
Rg6+ Ka7 53. a4 Rh1 54. Kb5 h5 55. Rh6 h4 56. Kb4 h3 57. Kb3 Kb8 58. Rh7 Kc8
59. Kb2 Kb8 60. Ka2 Ka7 61. Rh6 b6 62. Rh5 Ka6 63. Kb2 Kb7 64. Rh6 Kc7 65. Ka2
Rh2+ 66. Kb3 Kb7 67. Ka3 Ka7 68. Kb3 Ka6 69. Rh5 Rh1 70. Kb2 h2 71. Ka2 1/2-1/2

[Event "Team Russia"]
[Site "Petergof"]
[Date "2015.08.06"]
[Round "6.33"]
[White "Gurvich, Vitaly"]
[Black "Schekachikhin, Maksim"]
[Result "1/2-1/2"]
[WhiteElo "2331"]
[BlackElo "2316"]
[PlyCount "84"]
[EventDate "2015.08.??"]
[EventType "team-swiss"]

1. d4 Nf6 2. c4 e6 3. Nf3 d5 4. Nc3 Bb4 5. cxd5 exd5 6. Bg5 h6 7. Bxf6 Qxf6 8.
Qa4+ Nc6 9. e3 O-O 10. Be2 a6 11. O-O Rd8 12. Qb3 Qd6 13. a3 Bxc3 14. Qxc3 Bg4
15. h3 Bxf3 16. Bxf3 Ne7 17. b4 c6 18. Qc5 Qe6 19. a4 Ng6 20. Bg4 Qe4 21. Bf3
Qe6 22. Qc2 Nh4 23. Bg4 f5 24. Be2 Rac8 25. g3 Ng6 26. Rfc1 Ne7 27. Qb3 b5 28.
axb5 axb5 29. Ra6 Rb8 30. Bd3 Rf8 31. Qc2 Qd6 32. Rb1 Rf6 33. Kg2 Rf7 34. Rb3
g5 35. Qe2 Qf6 36. Qf3 Qg7 37. Rba3 Rbf8 38. Ra8 Qf6 39. Rxf8+ Rxf8 40. Ra6 Qg7
41. Ra7 Qf6 42. Ra6 Qg7 1/2-1/2

[Event "Team Russia"]
[Site "Petergof"]
[Date "2015.08.06"]
[Round "6.34"]
[White "Opanasenko, Mikhail"]
[Black "Mikhailovsky, Vladimir"]
[Result "1-0"]
[WhiteElo "2043"]
[BlackElo "2231"]
[PlyCount "69"]
[EventDate "2015.08.??"]
[EventType "team-swiss"]

1. d4 Nf6 2. c4 e6 3. Nc3 Bb4 4. Qc2 c5 5. dxc5 O-O 6. a3 Bxc5 7. Nf3 Nc6 8.
Bg5 Nd4 9. Nxd4 Bxd4 10. e3 Qa5 11. exd4 Qxg5 12. Qd2 Qxd2+ 13. Kxd2 b6 14. Bd3
Bb7 15. f3 d6 16. b4 Rfd8 17. Nb5 a6 18. Nc3 Rac8 19. Rhb1 Rc7 20. a4 a5 21.
bxa5 bxa5 22. Rb6 Ne8 23. Rab1 Bc8 24. Rb8 Ra7 25. Nb5 Ra6 26. Be4 d5 27. cxd5
Nd6 28. Rc1 f5 29. Nxd6 Raxd6 30. Rcxc8 Rxc8 31. Rxc8+ Kf7 32. dxe6+ Kxe6 33.
Rc6 fxe4 34. Rxd6+ Kxd6 35. fxe4 1-0

[Event "Team Russia"]
[Site "Petergof"]
[Date "2015.08.06"]
[Round "6.35"]
[White "Aleksandrovskiy, Dmitriy"]
[Black "Chernov, Maksim"]
[Result "1/2-1/2"]
[WhiteElo "2207"]
[BlackElo "2047"]
[PlyCount "70"]
[EventDate "2015.08.??"]
[EventType "team-swiss"]

1. c4 Nf6 2. Nc3 d5 3. cxd5 Nxd5 4. Nf3 g6 5. Qa4+ Bd7 6. Qh4 Nxc3 7. bxc3 Nc6
8. Rb1 b6 9. d4 Bg7 10. e4 Na5 11. Bh6 Kf8 12. Be2 Bxh6 13. Qxh6+ Kg8 14. h4
Bg4 15. h5 Bxh5 16. Rxh5 gxh5 17. Rb5 c5 18. dxc5 Qf8 19. Qe3 h6 20. cxb6 axb6
21. Qxb6 Qc8 22. Rc5 Qb7 23. Qxb7 Nxb7 24. Rc7 Nd6 25. Rxe7 Rxa2 26. e5 Ra1+
27. Kd2 Ne4+ 28. Ke3 Nxc3 29. Bc4 Rh7 30. e6 fxe6 31. Bxe6+ Kh8 32. Re8+ Kg7
33. Re7+ Kh8 34. Re8+ Kg7 35. Re7+ Kh8 1/2-1/2

[Event "Team Russia"]
[Site "Petergof"]
[Date "2015.08.06"]
[Round "6.36"]
[White "Petrochenko, Maria"]
[Black "Kruglikova, Viktorija"]
[Result "1-0"]
[WhiteElo "1997"]
[BlackElo "1944"]
[PlyCount "81"]
[EventDate "2015.08.??"]
[EventType "team-swiss"]

1. b4 e5 2. Bb2 e4 3. e3 Nf6 4. b5 d5 5. Ne2 Nbd7 6. Nd4 Nc5 7. Be2 Ne6 8. Nb3
h5 9. d3 Nc5 10. Nxc5 Bxc5 11. dxe4 Nxe4 12. Bf3 Qg5 13. h4 Qf5 14. Bd4 Bb4+
15. c3 Bd6 16. Nd2 Rh6 17. Bxg7 Rg6 18. Bd4 c5 19. bxc6 bxc6 20. c4 Bb4 21.
Bxe4 dxe4 22. Kf1 Rd6 23. c5 Bxc5 24. Bxc5 Qxc5 25. Qe1 Qd5 26. Nb3 a5 27. Kg1
Bg4 28. Nd4 Rg6 29. Ne2 Rd8 30. Nf4 Qf5 31. Nxg6 Qxg6 32. Qxa5 Qf6 33. Rb1 Rd5
34. Qa8+ Ke7 35. Qb7+ Bd7 36. Qb4+ c5 37. Qxe4+ Be6 38. Rb7+ Kf8 39. Rb8+ Kg7
40. Qf4 Bg4 41. Rg8+ 1-0

[Event "Team Russia"]
[Site "Petergof"]
[Date "2015.08.06"]
[Round "6.37"]
[White "Bondarenko, Ivan"]
[Black "Shnajder, Mark"]
[Result "1-0"]
[WhiteElo "2062"]
[BlackElo "2027"]
[PlyCount "45"]
[EventDate "2015.08.??"]
[EventType "team-swiss"]

1. d4 Nf6 2. c4 e6 3. Nc3 Bb4 4. Qc2 c5 5. dxc5 O-O 6. a3 Bxc5 7. Nf3 b6 8. Bg5
Be7 9. e4 d6 10. Be2 Bb7 11. O-O h6 12. Be3 Nbd7 13. Nd4 d5 14. exd5 exd5 15.
Nf5 Ne5 16. Rad1 Rc8 17. cxd5 Nxd5 18. Bf4 Bf6 19. Bxe5 Bxe5 20. Bf3 Bxc3 21.
bxc3 Rc5 22. Qb3 Ba8 23. Bxd5 1-0